000 00454nam a2200181Ia 4500
008 230125s9999 xx 000 0 und d
020 _a81-7992-213-8
041 _aeng
082 _a658
_bRAM
100 _aRamkishan Y
_9114654
245 _aManagement of co-operatives
260 _c2003
_bJaico Publishing House
_aMumbai
300 _a218p
500 _aManagement
650 _aManagement
700 _aRamkishan Y
_9114654
999 _c92168
_d92168